000 01444nam0a22002891 4500
001 rc\702549
005 20260406152725.0
035 _a(NLR Aleph) 005938274
090 _a6651431
_c6651431
100 _a20031121d1985 |||y0rusy50 ca
101 0 _arus
102 _aRU
105 _aa |||||||||
200 1 _aСоциология и практика в Эстонской ССР
_eНауч. информ. бюл.
_e[Сборник]
_fАН ЭССР, Центр науч. информ. по обществ. наукам и др.
_g[Сост. Х. Каллус]
210 _aТаллин
_cАН ЭССР
_d1985
215 _a61 с.
_cил.
_d20
300 _aЗагл. обл.: Социология в Эстонской ССР
300 _aВ надзаг. также: Ин-т истории, Прибалт. отд-ние Сов. социол. ассоц.
320 _aПубл. сотрудников секторов социол. Ин-та истории АН ЭССР в 1984 г. / Сост. Х. Каллус: с. 53-60 (67 назв.)
512 0 _aСоциология в Эстонской ССР
702 1 _aКаллус
_bХ.А.
_gХелью Айновна
_4220
712 0 2 _aЦентр научной информации по общественным наукам
_cТаллин
_3RU\NLR\AUTH\889928162
_9351952
801 0 _aRU
_bNLR
_gpsbo
801 1 _aRU
_bELAR
_2rusmarc
852 _aNLR
_j85-4/26436
942 _cBOOK
980 _aNB